00901nam a2200289 a 450000100060000000300100000600500170001600700030003300800410003602000150007702000150009204000120010704100080011908200280012708400100015524500810016525000180024630000310026433600270029533700330032233800280035550000860038365000370046965000380050665000350054470000320057958894CO-BoRNBP20250828223812.0ta880913s1988 ck a jr 01010 spa d a9580402728 a9580404674 ala cla0 aspa04aI398.369 bE57 219 ed. aP ENS00aEnsalada de animales : btradición oral / cilustraciones de Ivar Da Coll. a1a. edición a[28] p. : bil. ; c24 cm. 2rdacontentatextobtxt 2rdamediaasin mediaciónbn 2rdacarrieravolumenbnc aEditorial Norma dedica este libro al folclorísta colombiano Guillermo Abadía. 7aAnimales en el folclor.2BLAAUTO 7aCanciones folclóricas.2BLAAUTO 7aCanciones infantiles.2BLAAUTO1 aDa Coll, Ivar, d1962-eil.